Українська література (Запис № 314043)

МАРК-запис
000 -Лідер
fixed length control field 00740nam a22002537a 4500
003 - Ідентифікатор контрольного номера
control field UA-OsUOA
001 - Контрольний номер
control field 27693
007 - Фіксоване поле фізичного опису
fixed length control field ta
008 - Елементи даних фіксованої довжини – загальна інформація
fixed length control field 20040910b un ||||| |||| 00| 0 ukr d
090 ## - Локальний шифр розміщення
Класифікаційний індекс УДК 82(477)(075.3)
Авторський знак (НП) У45
040 ## - Джерело каталогізації
Агенція оригінальної каталогізації UA-OsUOA
Мова каталогізації ukr
Агенція, яка здійснювала перезапис UA-OsUOA
Агенція, яка здійснювала модифікацію UA-OsUOA
041 ## - Код мови
Код мови тексту/ звукової доріжки чи окремого заголовка (П) ukr
080 ## - Індекс Універсальної десяткової класифікації
Індекс Універсальної десяткової класифікації (УДК) (НП) 82(477)(075.3)
020 ## - Міжнародний стандартний книжковий номер (ISBN)
Міжнародний стандартний книжковий номер (ISBN) (НП) 966-504-375-7
044 ## - Код країни видавця/ виробника
Код країни видавця/ виробника (П) UA
245 ## - Відомості про назву
Назва (НП) Українська література
Решта назви (НП) Хрестоматія нововведених творів за програмою 2002 року
Дані про відповідальність (НП) Упорядник Р. В.Мовчан
Номер частини/ розділу роботи (П) (9-11 класи)
260 ## - Публікація, розповсюдження і т.п. (Вихідні дані)
Місце публікації, розповсюдження і т.п. (П) Київ
Ім’я/ наймення видавництва, розповсюджувача і т.п. (П) Генеза
Дата публікації, розповсюдження і т.п. (П) 2003
246 31 - Інша форма назви
Назва (НП) Ч.3
Номер частини/ розділ роботи (П)
300 ## - Фізичний опис
Обсяг 576 с.
650 #7 - Додаткове предметне введення – тематичний термін
Джерело заголовка чи терміна UDC
942 ## - Додаткові елементи входу (Коха)
Тип елемента Koha Книги
955 ## - Код типу видання за змістом
Код типу видання за змістом (НП) інше
Фонди
Стан вилучень Стан втрат Джерело класифікації або схеми стелажів Стан уражень Не для кредиту Постійне місце розташування Поточне розміщення Дата придбання Джерело придбання Вартість, звичайна ціна покупки Інвентарний номер Усього замовленно Повний номер виклику Штрих-код Дата останнього перегляду Ціна ефективна від Тип елемента Koha
    Universal Decimal Classification     АБ - Абонемент НБ АБ - Абонемент НБ 13/08/2008 101/2008 10.00 114425   82(477)(075.3) У45 114425 10/02/2022 10/09/2004 Книги
Withdrawn   Universal Decimal Classification     АБ - Абонемент НБ АБ - Абонемент НБ 10/09/2004   7.39 93477   82(477)(075.3) У45 93477 13/07/2019 10/09/2004 Книги
    Universal Decimal Classification     АБ - Абонемент НБ АБ - Абонемент НБ 10/09/2004   7.39 93478   82(477)(075.3) У45 93478 06/05/2022 10/09/2004 Книги
    Universal Decimal Classification     АБ - Абонемент НБ АБ - Абонемент НБ 10/09/2004   7.39 93479   82(477)(075.3) У45 93479 10/02/2022 10/09/2004 Книги
Withdrawn   Universal Decimal Classification     АБ - Абонемент НБ АБ - Абонемент НБ 10/09/2004   7.39 93480   82(477)(075.3) У45 93480 13/07/2019 10/09/2004 Книги
    Universal Decimal Classification     АБ - Абонемент НБ АБ - Абонемент НБ 10/09/2004   7.39 93481   82(477)(075.3) У45 93481 10/02/2022 10/09/2004 Книги
    Universal Decimal Classification     ЧЗ - Читальна зала ЧЗ - Читальна зала 02/03/2005   5.28 83358   82(477)(075.3) У45 83358 16/11/2021 10/09/2004 Книги
    Universal Decimal Classification     ЧЗ - Читальна зала ЧЗ - Читальна зала 02/03/2005   5.28 83359   82(477)(075.3) У45 83359 07/02/2022 10/09/2004 Книги
    Universal Decimal Classification     ЧЗ - Читальна зала ЧЗ - Читальна зала 02/03/2005   5.28 83360   82(477)(075.3) У45 83360 07/02/2022 10/09/2004 Книги
    Universal Decimal Classification     ЧЗ - Читальна зала ЧЗ - Читальна зала 02/03/2005   5.28 83361   82(477)(075.3) У45 83361 07/02/2022 10/09/2004 Книги